000 00428nam a2200181Ia 4500
001 24893
005 20260414151114.0
008 260414t2000||||xx |||||||||||||| ||spa||
041 _aESP
082 _a346
_bV66
100 _aVillar Ñañez, Hugo
_eAUT
245 0 _aManual de obligaciones civiles
_b
260 _c2000
300 _a399 páginas :
_c20 cm.
650 _aDER
654 _aCDE
942 _cLIB
_dJUS
_fJUS
_2ddc
_n
999 _c24893
_d24893